00756 2200205 4500245008100000020001800081250001100099700001300110100001800123650001400141650002500155650001900180005001900199260004400218041001400262084001200276300002300288500023000311336000900541 aAl Qur'an b : Ilmu Kedokteran Jiwa dan Kesehatan JiwacDadang HawarihText a979-8633-20-2 aCet. 1 aSonhadji aDadang Hawari aAl Qur'an aIlmu Kedokteran Jiwa aKesehatan Jiwa a20240507131848 aYogyakartabDana Bhaki Prima Yasac1996 aIndonesia a297.692 a552 hlm. :c24 cm. aDalam buku ini dikupas berbagai permasalahan kehidupan manusia; khususnya yang menyangkut kesejahteraan hidup dari sudut pandang ilmu kedokteran jiwa (psikiatri) dan kesehatan jiwa dengan merujuk pada Al Qur'an dan Al Hadis. atext